Theory and application of digital signal processing (Record no. 12572)

000 -LEADER
fixed length control field 00498nam a22001577a 4500
020 ## - INTERNATIONAL STANDARD BOOK NUMBER
International Standard Book Number 9788120305014
082 ## - DEWEY DECIMAL CLASSIFICATION NUMBER
Classification number 621.3819582 RAB
100 ## - MAIN ENTRY--PERSONAL NAME
Personal name Rabiner, Lawrence R.
245 ## - TITLE STATEMENT
Title Theory and application of digital signal processing
260 ## - PUBLICATION, DISTRIBUTION, ETC.
Place of publication, distribution, etc. New Delhi, India
Name of publisher, distributor, etc. PHI Learning
Date of publication, distribution, etc. 1976
300 ## - PHYSICAL DESCRIPTION
Extent xv, 762 p.
Other physical details ill. ;
500 ## - GENERAL NOTE
General note Includes bibliographical references and index.
650 ## - SUBJECT ADDED ENTRY--TOPICAL TERM
Topical term or geographic name entry element 1. Digital electronics. 2. Signal theory (Telecommunication)
700 ## - ADDED ENTRY--PERSONAL NAME
Personal name Gold, Bernard
942 ## - ADDED ENTRY ELEMENTS (KOHA)
Koha item type Book
Holdings
Withdrawn status Lost status Damaged status Not for loan Collection code Permanent Location Current Location Shelving location Date acquired Source of acquisition Cost, normal purchase price Total Checkouts Full call number Barcode Date last seen Price effective from Koha item type
          Central Library (CL) Central Library (CL) General Stacks 12/27/2013 Allied Book Company 610.40   621.3819582 RAB SEECS013131 01/08/2014 01/08/2014 Book
© 2023 Central Library, National University of Sciences and Technology. All Rights Reserved.